Berkorban demi sahabat

Bibliographic Details
Main Author: Ws.Uzala
Format: Book
Published: Selangor : Eddiplex sdn.bhd. , 1993
Series:Siri bacaan motivasi wawasan 2020

MARC

LEADER 00000cam a2200000 7i4500
001 0000076687
005 20171115.0
008 171115
020 |a 9838800112 (set) 
020 |a 9838800139 
090 0 0 |a JF   |b MAL 
100 1 |a Ws.Uzala 
245 1 0 |a Berkorban demi sahabat   |c Ws.Uzala 
260 |a Selangor :   |b Eddiplex sdn.bhd. ,   |c 1993 
490 1 |a Siri bacaan motivasi wawasan 2020 
999 |a 0000217021   |b Book   |c Children Collection   |e Cawangan Pontian 
999 |a 0000217038   |b Book   |c Children Collection   |e Cawangan Bandar Penawar